| 000 | 01568cam a22003015a 4500 | ||
|---|---|---|---|
| 001 | L146146 | ||
| 002 | 17580 | ||
| 008 | 081211s2009 xxk f 001 0 eng d | ||
| 020 | _a9780415465557 | ||
| 022 | 1 | _a0306-3046 | |
| 035 | _a(Sirsi) u146146 | ||
| 041 | 0 | _aeng | |
| 050 | 0 | 4 | _a692.5 $2 18 |
| 110 | 2 |
_aDavis Langdon _94649 |
|
| 245 | 0 | 0 |
_aSpon's architects' and builders' price book _b2009 |
| 250 | _a134th ed. | ||
| 260 |
_aAbingdon _bTaylor and Francis _c2009 |
||
| 300 |
_axxix, 990p. _c26cm. |
||
| 350 | _a145 | ||
| 505 | 2 | _aGeneral -- Approximate estimating -- Prices for measured works: major works -- Prices for measured works: minor works -- Fees for professional services -- Rates of wages -- Daywork and prime cost -- Tables and memoranda | |
| 520 | _aThe latest edition of this detailed, professionally relevant source of construction price information. The price level of the 2009 edition has been indexed at 580, a 5.4% increase over the index of 550 in the 2008 edition. Revised labour rates have been taken into account. Material prices are generally applicable as at April-May 2008. Key changes include an expanded section on sustainability and an updated section on preliminaries for the JCT 2005 Standard Building Contract. Includes guidance on: construction specialisms; legislation; taxes; building cost and tender price index. | ||
| 520 | _aSupersedes the 133rd edition (ISBN 9780415424486). | ||
| 521 | _aAdvanced | ||
| 590 | _aKA | ||
| 651 | 4 |
_aUnited Kingdom _y |
|
| 690 | _aBUILT ENVIRONMENT-BUILDING COSTS | ||
| 942 | _n0 | ||
| 999 |
_c109062 _d109062 |
||